Ley periódica y sistema periódico de los elementos de D. I. Mendeleiev: manual para estudiantes

Tallennettuna:
Bibliografiset tiedot
Päätekijä: Agafoshin, N. P (Tekijä)
Aineistotyyppi: Kirja
Kieli:espanja
Julkaistu: Barcelona Reverté 1977
Aiheet:
Tagit: Lisää tagi
Ei tageja, Lisää ensimmäinen tagi!

MARC

LEADER 00000nam a2200000 a 4500
001 UCW2634
003 CL-VaPUC
008 900427e19770000SP |||||||||||||||||spa|d
082 0 4 |a 541.901  |b AGA  |2 21 
100 0 |a Agafoshin, N. P  |e author  |9 306893 
245 1 0 |a Ley periódica y sistema periódico de los elementos de D. I. Mendeleiev: manual para estudiantes 
300 |a 192 p 
942 |c BK 
945 |d 19900427 00:00:00 
260 |a Barcelona  |b Reverté  |c 1977 
650 7 |a TABLA PERIODICA QUIMICA  |2 CL-VaPUC  |9 306894 
650 7 |a ELEMENTOS QUIMICOS  |2 CL-VaPUC  |9 306895 
583 |a last modification  |c 19900427 00:00:00  |k Rodrigo Vera 
999 |c 217141  |d 217139 
952 |0 0  |1 0  |4 0  |6 541_901000000000000_AGA_1977  |7 0  |8 A  |9 203827  |a BIBCUR  |b BIBCUR  |d 2019-11-15  |i 2710862  |o 541.901 AGA 1977  |p 2710862  |r 2025-04-22  |w 2019-11-15  |y BK  |k QUI